00519nam a22001817a 450000500170000000800410001704000070005804100120006508200210007710000250009824500310012326000400015430000310019436500570022544000130028265000080029565000340030320241212161809.0241212b ||||| |||| 00| 0 eng d cAL aEnglish 223a348.04bEASS aEastern Book Company aSupreme Court Cases: Vol 2 aLucknowbEastern Book Companyc1983 axiii,537 p.bHBc24x16 cm. a1061b₹959.52c₹d₹1279.36.00e27%f28-11-2024 aVolume 2 aLaw aMode of Citation (1983) 2 SCC